<?xml version="1.0" encoding="UTF-8"?>
<marc:record xmlns:marc="http://www.loc.gov/MARC21/slim">
   <marc:leader>00000nam a2200000 a 4500</marc:leader>
   <marc:datafield ind1="0" ind2="0" tag="245">
      <marc:subfield code="a">Die besten Leselern-Geschichten von Ninjas, Gespenstern und Außerirdischen</marc:subfield>
   </marc:datafield>
   <marc:datafield ind1=" " ind2="1" tag="264">
      <marc:subfield code="a">Ravensburg</marc:subfield>
      <marc:subfield code="b">Ravensburger</marc:subfield>
   </marc:datafield>
   <marc:datafield ind1="1" ind2=" " tag="520">
      <marc:subfield code="a">Die besten Abenteuergeschichten in einem Band! Enthält eine CD mit spannenden Hörbüchern zu allen drei Geschichten. Zum Anhören und Mitlesen!&#xD;
&#xD;
Lesen lernen wie im Flug! Die Kinderbücher der Reihe Leserabe – 1. Lesestufe wurden mit Pädagogen entwickelt und richten sich an Leseanfänger ab der 1. Klasse. Kurze Texte in großer Fibelschrift sichern erste Leseerfolge und steigern die Lesekompetenz von Mädchen und Jungen ab 6 Jahren. Mit Belohnungsstickern. &#xD;
&#xD;
Empfohlen von Stiftung Lesen, gelistet bei Antolin. Weitere Informationen auf leserabe.de.&#xD;
&#xD;
Drei tolle Geschichten über Ninjas, Gespenster und Außerirdische in einem Band: Yuki ist ein Junge mit magischen Kräften. Nach einer Ausbildung zum Ninja wartet der erste gefährliche Auftrag auf Yuki: Er soll einen Feuerdrachen aus einem Kloster vertreiben!Gespenst Hogo lebt in einer Schule. Als Kinder im Schulhaus übernachten, kann Hugo gemeinsam mit Freund Willi endlich mal wieder so richtig spuken! Eine ganz besondere Lesenacht beginnt...Finn düst mit seinem Weltraumhund Woggi durchs Weltall, als die beiden von Außerirdischen angegriffen werden! Sie müssen auf einem Schrottplatz notlanden. Was sie dort wohl erwartet?Alle drei Geschichten auch als spannendes Hörbuch auf der beigelegten CD!</marc:subfield>
   </marc:datafield>
   <marc:datafield ind1=" " ind2=" " tag="020">
      <marc:subfield code="a">9783473461042</marc:subfield>
      <marc:subfield code="9">9783473461042</marc:subfield>
   </marc:datafield>
   <marc:datafield ind1=" " ind2=" " tag="041">
      <marc:subfield code="a">ger</marc:subfield>
   </marc:datafield>
   <marc:datafield ind1=" " ind2=" " tag="300">
      <marc:subfield code="b">Illustrationen</marc:subfield>
   </marc:datafield>
   <marc:datafield ind1=" " ind2=" " tag="338">
      <marc:subfield code="a">Band</marc:subfield>
   </marc:datafield>
   <marc:datafield ind1=" " ind2=" " tag="300">
      <marc:subfield code="a">138 Seiten</marc:subfield>
   </marc:datafield>
</marc:record>
